000 00807cam a2200265 a 4500
008
020 _a9781853157455 (pbk.)
049 _aMAIN
090 _aRC382
_bCLA
100 1 _aClarke, Carl E.
245 1 0 _aParkinson's disease in practice /
_cCarl E. Clarke.
250 _a2nd ed.
260 _aLondon :
_bRoyal Society of Medicine Press ,
_c2007.
300 _aviii, 99 p. :
_bill. ;
_c24 cm.
500 _aIncludes index.
504 _aIncludes bibliographical references.
650 0 _aParkinson's disease.
650 1 2 _aParkinson Disease.
830 0 _aIn practice (Royal Society of Medicine (Great Britain))
907 _a.b10360815
_b09-09-15
_c04-09-15
003
005 20230123122148.0
040 _cNUST
942 _cBOOKS
_kRC382
_mCLA
999 _c128882
_d128882